000 00320nam a2200133 i 4500
001 bg
100 1 _aOTHMER, Kirk
245 0 _aEncyclopedia of chemical technology /
_cKirk Othmer. Vol.22.
260 _aNew York,
_c1970.
040 _cBPK
041 _apol
942 _cKS
008 s pl f |000 0 pol
999 _c13319
_d13319
856 _uhttp://koha.tu.koszalin.pl/cgi-bin/koha/opac-detail.pl?biblionumber=13319
_yKatalog online BPK